Sports Quiz

Random Sports or Baseball Quiz

Orioles Pitchers, 2000-09 Quiz Stats

 Plays Quiz not verified by Sporcle

Challenge
Share
Tweet
Embed
Score 0/62 Timer 15:00
0 Plays Today
Years Pitcher % Correct
2000Mike Mussina
86.3%
2007-09Jeremy Guthrie
81.3%
2002-06Rodrigo Lopez
78.3%
2000-06Sidney Ponson
77.8%
2002-07Erik Bedard
74.8%
2004-08Daniel Cabrera
73.2%
2009Brian Matusz
70.9%
2009Chris Tillman
70%
2006-09Jim Johnson
66.2%
2000-03Jason Johnson
65.6%
2009David Hernandez
56.6%
2000-02Scott Erickson
55.8%
2009Mark Hendrickson
54.8%
2009Brad Bergesen
54.7%
2009Jason Berken
47.8%
2004-06Bruce Chen
42.4%
2009Koji Uehara
37.9%
2006Kris Benson
35.7%
2008-09Alfredo Simon
35.2%
2001-03Pat Hentgen
34.5%
2006-08Adam Loewen
34.3%
2009Adam Eaton
34%
2005-06Hayden Penn
32.7%
2007-08Steve Trachsel
30.6%
2008-09Matt Albers
28.4%
2001-02Josh Towers
27.3%
2003-04Matt Riley
27.1%
2003-04John Maine
27.1%
2007-09Radhames Liz
24.7%
2007-08Garrett Olson
24.5%
2008-09Chris Waters
23.4%
Years Pitcher % Correct
2003-04Kurt Ainsworth
22.6%
2009Rich Hill
22.2%
2006-08Brian Burres
21.9%
2000-01Jose Mercedes
21.3%
2003Omar Daal
21%
2008-09Dennis Sarfate
20.1%
2006Russ Ortiz
19.9%
2007Victor Zambrano
19.1%
2000-07John Parrish
17.7%
2002-06Eric DuBose
17.5%
2007Jaret Wright
16.9%
2001-03Willis Roberts
16.8%
2003Damian Moss
14.3%
2003Rick Helling
14.2%
2001-05Rick Bauer
14.1%
2002-03Travis Driskill
13.4%
2008-09Brian Bass
13.1%
2000Pat Rapp
12.3%
2000-02Calvin Maduro
11.8%
2007Victor Santos
10.3%
2002John Stephens
9.9%
2004Dave Borkowski
8.9%
2000-01Chuck McElroy
8.9%
2006John Halama
8.7%
2007Jon Leicester
7.9%
2006-07Kurt Birkins
7.6%
2000-01Lesli Brea
6.9%
2000-01Ryan Kohlmeier
6.4%
2001-03Sean Douglass
6.1%
2008Lance Cormier
6%
2000Jay Spurgeon
5.7%

You're not logged in!

Compare scores with friends on all Sporcle quizzes.
OR
Log In

You Might Also Like...

Show Comments

Extras

Top Quizzes Today


Score Distribution

Your Account Isn't Verified!

In order to create a playlist on Sporcle, you need to verify the email address you used during registration. Go to your Sporcle Settings to finish the process.

Report this User

Report this user for behavior that violates our Community Guidelines.

Details: